000 00485nam a2200169Ia 4500
005 20250317123911.0
008 008 250317s9999 xx 000 0 eng d
037 _aTextbook
040 _aFMSL
_beng
_cFMSL
041 _aeng
_2eng
084 _aY:5.1 Q0
_qFMSL
100 _aBhende A A
_9741031
245 0 _aPrinciples of polulation studies
260 _aIndia
_bIndia, Himalaya
_c2010
942 _cTB
_hY:5.1 Q0
999 _c1253203
_d1253203